000 00706nam a2200229 a 4500
001 68389
003 BD-RjUL
005 20211209081749.0
008 170402s1947 nyua 001 0 eng d
035 _a(BD-RjUL)68599
040 _aDLC
_cDLC
_dDLC
_d(BD-RjUL)
_beng
041 _aeng
082 _223
_a621.3813
_bBRT 1947
100 1 _aBronwell, Arthur B.
_9202754
245 1 0 _aTheory and application of microwaves /
_cby Arthur B. Bronwell and Robert E. Beam.
260 _aNew York :
_bMcGraw-Hill Book Co.,
_c1947.
300 _axv, 470 p. :
_bill. ;
_c24 cm.
500 _aIncludes index
650 0 _aElectric waves.
_9202755
700 1 _aBeam, Robert E.
_q(Robert Edwin)
_9202756
942 _2ddc
_cBK
999 _c68389
_d68389